000 01179cam a2200217 4500
001 WB3815-11
008 020424n2002 000 0 eng u
035 _a(Sirsi) u117668
245 _aRetail warehouse rentals slowing
260 _c2002
490 _aRetail Week
_v 19 April 2002, 31(1)
520 _aArticle suggests that annual growth in prime retail warehouse rental values continues to slow, showing a 7.5% per annum growth for the year to last month - the lowest figure for two years. Also compares the performance of large versus small warehouses. Small retail warehouses of around 1 000 sq m continue to show the fastest growth of any UK sector while the steepest drop was shown by larger units of around 3 500 sq m. Regional variations show strongest rental value growth to be shown by retail warehouses in the North while Scotland remains the worst performing region in terms of retail rental growth.
590 _aWB
650 _aWAREHOUSE MARKET
650 _aRETAIL RENTS
650 _aRENTAL GROWTH
650 _aREGIONAL VARIATIONS
650 _aRETAIL WAREHOUSES
690 _aPROPERTY-COMMERCIAL PROPERTY-COMMERCIAL PROPERTY MARKET
942 _n0
999 _c70068
_d70068